00320cam a22000977a 4500008004000000082001900040245006800059260006200127300001000189700002300199180718b1956 xxu||||| |||| 00| 0 eng d aN120x54 C733/1 aThe north African Campaign 1940-43cedited by Bisheshwar Prasad aCalcuttabS.N. Guha Ray at Sree Saraswaty Press LTDc1956 a567p. aPrasad, Bisheshwar